[Event "CHN League Women 2019"]
[Site "Daqing CHN"]
[Date "2019.06.23"]
[Round "5.7"]
[Board "1"]
[White "Li, Xinyang"]
[Black "Hu, Yue"]
[Result "0-1"]
[WhiteElo "1400"]
[BlackElo "2034"]
[WhiteTeam "Qingdao"]
[BlackTeam "Wuxi"]
[WhiteFideId "8622477"]
[BlackFideId "8610339"]
[EventDate "2019.06.19"]
[EventType "team"]

1. e4 c5 2. Nf3 d6 3. d4 cxd4 4. Nxd4 Nf6 5. Nc3 a6 6. Be2 e5 7. Nb3 Be7 8. Be3
Be6 9. O-O O-O 10. Qd3 Nc6 11. a3 Rc8 12. Kh1 Na5 13. Nxa5 Qxa5 14. Rac1 Rfd8
15. Bd2 Qb6 16. b3 d5 17. exd5 Nxd5 18. Qg3 Bxa3 19. Nxd5 Bxd5 20. Bg5 Re8 21.
Rcd1 Be4 22. Be3 Qc7 23. Bh6 Bg6 24. Bc1 Qxc2 25. Bxa3 Qxe2 26. Rfe1 Qb5 27. Bb2
f6 28. Rc1 Bc2 29. Qg4 Qxb3 30. Ba1 f5 31. Qg5 h6 32. Qd2 Red8 33. Qe2 e4 34. h3
Rc6 35. Qh5 Qd5 36. f3 Kh7 37. Re2 Bd1 38. Rxc6 bxc6 39. Rf2 e3 40. Rf1 Qa5 41.
Qh4 Be2 42. Rc1 Qc7 43. Be5 Qd7 44. Rxc6 Qxc6 45. Qxd8 Bxf3 46. gxf3 Qxf3+ 47.
Kh2 Qf2+ 48. Kh1 e2 49. Bc3 Qf3+ 50. Kh2 Qxc3 51. Qd7 Qe5+ 52. Kg2 e1=Q 0-1

[Event "CHN League Women 2019"]
[Site "Daqing CHN"]
[Date "2019.06.23"]
[Round "5.7"]
[Board "2"]
[White "Wang, Xuwen"]
[Black "Chen, Qianru"]
[Result "1-0"]
[WhiteElo "1837"]
[BlackElo "1255"]
[WhiteTeam "Wuxi"]
[BlackTeam "Qingdao"]
[WhiteFideId "8617848"]
[BlackFideId "8620350"]
[EventDate "2019.06.19"]
[EventType "team"]

1. e4 e6 2. d4 d5 3. Nc3 Nf6 4. e5 Nfd7 5. f4 c5 6. Nf3 Nc6 7. Be3 Qb6 8. a3
cxd4 9. Nxd4 Bc5 10. Ncb5 a6 11. Nxc6 axb5 12. Nd4 b4 13. a4 O-O 14. Be2 Qc7 15.
O-O b6 16. Kh1 Ba6 17. Rf3 Bxe2 18. Qxe2 Rfb8 19. Nb5 Qc6 20. Bxc5 Nxc5 21. Nd6
Rd8 22. b3 Nb7 23. Nxb7 Qxb7 24. Qb5 Rac8 25. Rc1 Rc3 26. Qxb4 Rxf3 27. gxf3 d4
28. Kg2 Qc6 29. Qd2 h6 30. Qd3 Kf8 31. Rd1 Qd5 32. Qh7 Qc5 33. Rd2 Qc3 34. Qd3
Qb4 35. Re2 Qc3 36. Rd2 Qb4 37. Rf2 Qc3 38. Qh7 d3 39. cxd3 Qxd3 40. Qh8+ Ke7
41. Qxg7 Qxb3 42. Qf6+ Ke8 43. Qxh6 Qxa4 44. f5 exf5 45. Qh8+ Ke7 46. Qf6+ Ke8
47. e6 fxe6 48. Qxe6+ Kf8 49. Qf6+ Kg8 50. Qxd8+ Kf7 51. Re2 1-0

[Event "CHN League Women 2019"]
[Site "Daqing CHN"]
[Date "2019.06.24"]
[Round "6.1"]
[Board "1"]
[White "Ni, Shiqun"]
[Black "Liu, Manli"]
[Result "1/2-1/2"]
[WhiteTitle "WGM"]
[WhiteElo "2416"]
[BlackElo "2159"]
[WhiteTeam "Shanghai"]
[BlackTeam "Guangdong"]
[WhiteFideId "8608466"]
[BlackFideId "8608121"]
[EventDate "2019.06.19"]
[EventType "team"]

1. e4 c5 2. Nf3 Nc6 3. d4 cxd4 4. Nxd4 g6 5. c4 Nf6 6. Nc3 Nxd4 7. Qxd4 d6 8.
Be3 Bg7 9. Be2 O-O 10. Qd2 a5 11. f3 a4 12. Rc1 Qa5 13. Kf2 Rd8 14. Rhd1 Be6 15.
Nd5 Qxd2 16. Rxd2 Nxd5 17. cxd5 Bd7 18. Rc7 b5 19. Rdc2 b4 20. Rb7 Rab8 21. Rxb8
Rxb8 22. Rc7 Be8 23. b3 Kf8 24. Ba7 Ra8 25. Ke3 Be5 26. h3 Bh2 27. Kd3 Bb5+ 28.
Kd2 Bf4+ 29. Kd1 Be8 30. Bc4 Be5 31. Ke2 axb3 32. axb3 f6 33. Kd3 Bg3 34. Rb7 g5
35. Bb6 h5 36. Ra7 Rxa7 37. Bxa7 g4 38. hxg4 hxg4 39. Be3 gxf3 40. gxf3 Be1 41.
Bd4 Bg3 42. Ke2 Be5 43. Be3 Bc3 44. Bh6+ Kf7 45. Ke3 Bd7 46. Ke2 f5 47. Bg5 fxe4
48. fxe4 Bg4+ 49. Kf2 Bd1 50. Kg3 Be5+ 51. Kf2 Bc3 52. Kg3 Be5+ 53. Kf2 1/2-1/2

[Event "CHN League Women 2019"]
[Site "Daqing CHN"]
[Date "2019.06.24"]
[Round "6.1"]
[Board "2"]
[White "Du, Yuxin"]
[Black "Zhang, Xiaowen"]
[Result "0-1"]
[BlackTitle "WGM"]
[WhiteElo "1973"]
[BlackElo "2314"]
[WhiteTeam "Guangdong"]
[BlackTeam "Shanghai"]
[WhiteFideId "8610282"]
[BlackFideId "8603219"]
[EventDate "2019.06.19"]
[EventType "team"]

1. e4 c5 2. Nf3 e6 3. g3 Nc6 4. Bg2 Nf6 5. Qe2 Be7 6. e5 Nd5 7. c4 Nb6 8. Nc3 d6
9. exd6 Bxd6 10. O-O O-O 11. d3 e5 12. Ng5 Be7 13. Nge4 Be6 14. f4 Nd4 15. Qd1
exf4 16. Bxf4 Qd7 17. Nf2 Rad8 18. Re1 Bf5 19. Nce4 h6 20. Be3 Be6 21. Rb1 f5
22. Nc3 Bf6 23. a4 a5 24. Nb5 Bf7 25. Nxd4 cxd4 26. Bd2 Nxa4 27. Bxa5 b6 28. Bb4
Nc5 29. Bxc5 bxc5 30. b4 cxb4 31. Rxb4 Rb8 32. Qb3 Rxb4 33. Qxb4 Bg5 34. Nh3
Be3+ 35. Kh1 Qc7 36. Qb7 Qxb7 37. Bxb7 Rb8 38. Rb1 Kh7 39. Rb6 Be8 0-1

[Event "CHN League Women 2019"]
[Site "Daqing CHN"]
[Date "2019.06.24"]
[Round "6.1"]
[Board "3"]
[White "Dai, Jiaying"]
[Black "Peng, Xinbei"]
[Result "1/2-1/2"]
[WhiteElo "1599"]
[BlackElo "1699"]
[WhiteTeam "Shanghai"]
[BlackTeam "Guangdong"]
[WhiteFideId "8626081"]
[BlackFideId "8607680"]
[EventDate "2019.06.19"]
[EventType "team"]

1. e4 e5 2. Nf3 Nc6 3. Bc4 Be7 4. d4 exd4 5. Nxd4 Nf6 6. Nxc6 bxc6 7. e5 Ne4 8.
Qf3 d5 9. exd6 Nxd6 10. Bd3 Bd7 11. O-O O-O 12. Nc3 Bf6 13. Ne4 Nxe4 14. Bxe4
Rb8 15. Rb1 Re8 16. b3 c5 17. Bd3 Bd4 18. c3 Bxc3 19. Bxh7+ Kxh7 20. Qxc3 Bf5
21. Bb2 Qd4 22. Rbd1 Qxc3 23. Bxc3 Re2 24. Rd2 Rbe8 25. Rd5 Be6 1/2-1/2

[Event "CHN League Women 2019"]
[Site "Daqing CHN"]
[Date "2019.06.24"]
[Round "6.2"]
[Board "1"]
[White "Zhai, Mo"]
[Black "Shen, Yang"]
[Result "1/2-1/2"]
[WhiteTitle "WGM"]
[BlackTitle "IM"]
[WhiteElo "2358"]
[BlackElo "2419"]
[WhiteTeam "Hebei"]
[BlackTeam "Jiangsu"]
[WhiteFideId "8600201"]
[BlackFideId "8603162"]
[EventDate "2019.06.19"]
[EventType "team"]

1. d4 d5 2. c4 c6 3. Nf3 Nf6 4. Nbd2 Bf5 5. Nh4 Bc8 6. e3 e6 7. Nhf3 Nbd7 8. Bd3
Bd6 9. e4 dxe4 10. Nxe4 Nxe4 11. Bxe4 h6 12. O-O O-O 13. c5 Bc7 14. Bc2 b6 15.
Qe2 Nf6 16. Re1 a5 17. b3 Ba6 18. Qe3 Qd5 19. Ba3 Rfe8 20. h3 Bb5 21. Ne5 a4 22.
Bb2 Qd8 23. Qf3 axb3 24. axb3 Rxa1 25. Rxa1 bxc5 26. dxc5 Qd2 27. Qd1 Qxd1+ 28.
Rxd1 Ra8 29. Ra1 Rxa1+ 30. Bxa1 Nd5 31. Nf3 1/2-1/2

[Event "CHN League Women 2019"]
[Site "Daqing CHN"]
[Date "2019.06.24"]
[Round "6.2"]
[Board "2"]
[White "Guo, Qi"]
[Black "Yang, Yijing"]
[Result "1-0"]
[WhiteTitle "IM"]
[BlackTitle "WCM"]
[WhiteElo "2367"]
[BlackElo "2135"]
[WhiteTeam "Jiangsu"]
[BlackTeam "Hebei"]
[WhiteFideId "8604002"]
[BlackFideId "8608601"]
[EventDate "2019.06.19"]
[EventType "team"]

1. d4 f5 2. c4 Nf6 3. g3 g6 4. Bg2 Bg7 5. Nf3 O-O 6. O-O d6 7. b3 c6 8. Bb2 e5
9. dxe5 Ng4 10. Qc2 Nxe5 11. Nbd2 Qe7 12. Rad1 Nbd7 13. Rfe1 Re8 14. Nd4 Nf6 15.
e4 fxe4 16. Nxe4 Bg4 17. f3 Nxe4 18. Rxe4 Nxf3+ 19. Bxf3 Qxe4 20. Bxe4 Bxd1 21.
Bd5+ cxd5 22. Qxd1 dxc4 23. bxc4 Kh8 24. Qd2 Re4 25. Nb5 Rxc4 26. Nxd6 Rc7 27.
Bxg7+ Rxg7 28. Qd4 b6 29. Nf7+ Kg8 30. Qd5 Rxf7 31. Qxa8+ Kg7 32. Qd8 Rf8 33.
Qd4+ Kg8 34. Kg2 Rf7 35. Kh3 h6 36. Kg4 Kh7 37. a4 Kg8 38. Kh3 Kh7 39. g4 Kg8
40. Kg3 g5 41. h4 gxh4+ 42. Kxh4 1-0

[Event "CHN League Women 2019"]
[Site "Daqing CHN"]
[Date "2019.06.24"]
[Round "6.2"]
[Board "3"]
[White "Li, Zimeng"]
[Black "Zhang, Xiao"]
[Result "0-1"]
[WhiteElo "1572"]
[BlackElo "2234"]
[WhiteTeam "Hebei"]
[BlackTeam "Jiangsu"]
[WhiteFideId "8624500"]
[BlackFideId "8610894"]
[EventDate "2019.06.19"]
[EventType "team"]

1. e4 c6 2. d4 d5 3. exd5 cxd5 4. c4 Nc6 5. Nf3 Nf6 6. Nc3 Bg4 7. Be3 e6 8. a3
Be7 9. Be2 O-O 10. Ne5 Bxe2 11. Qxe2 Rc8 12. Nxc6 Rxc6 13. c5 Ne4 14. Nxe4 dxe4
15. O-O f5 16. f4 Qd5 17. Rac1 Rd8 18. Rfd1 a6 19. Rd2 h6 20. Qc4 Kf7 21. Qxd5
Rxd5 22. b4 Rc8 23. Rb1 Rcd8 24. Rbd1 g5 25. g3 Kg6 26. Kf2 Kh5 27. h3 gxf4 28.
Bxf4 Bf6 29. Ke3 Bg5 30. Bxg5 hxg5 31. a4 R5d7 32. Rb1 Kg6 33. b5 axb5 34. axb5
Ra8 35. Rdb2 e5 36. dxe5 Rd3+ 37. Kf2 Rf3+ 38. Kg2 Raa3 39. c6 Rxg3+ 40. Kf2
Rxh3 41. c7 Rac3 42. b6 f4 43. Kg1 e3 44. Rb3 Rc2 45. R3b2 Rc6 46. Rd1 Kf5 47.
Rb5 Rg3+ 48. Kf1 f3 49. Rdb1 Rh3 50. Kg1 Kf4 51. R5b4+ Kg3 52. R4b3 Rch6 0-1

[Event "CHN League Women 2019"]
[Site "Daqing CHN"]
[Date "2019.06.24"]
[Round "6.3"]
[Board "1"]
[White "Gu, Tianlu"]
[Black "Li, Yunshan"]
[Result "1/2-1/2"]
[WhiteTitle "WIM"]
[BlackTitle "WFM"]
[WhiteElo "2183"]
[BlackElo "2264"]
[WhiteTeam "Hangzhou"]
[BlackTeam "Chengdu"]
[WhiteFideId "8603995"]
[BlackFideId "8607664"]
[EventDate "2019.06.19"]
[EventType "team"]

1. e4 e5 2. Nf3 Nc6 3. Nc3 Nf6 4. a3 Bc5 5. Nxe5 Nxe5 6. d4 Bxd4 7. Qxd4 d6 8.
Bg5 h6 9. Bh4 g5 10. Bg3 Nc6 11. Bb5 O-O 12. Bxc6 bxc6 13. O-O-O Be6 14. f4 Nh5
15. f5 Bc8 16. e5 Bxf5 17. exd6 Nxg3 18. hxg3 Qxd6 19. Qxd6 cxd6 20. Rxd6 Rac8
21. Rhxh6 Bg6 22. Rh1 Rfe8 23. Rf1 Re3 24. Rf3 Re1+ 25. Kd2 Rg1 26. Rf2 Kg7 27.
b3 c5 28. Rd5 g4 29. a4 Rc6 30. Ne2 Ra1 31. Rf4 c4 32. Nd4 cxb3 33. Nxc6 bxc2
34. Rc5 Rd1+ 35. Ke2 c1=Q 36. Rxc1 Rxc1 37. Nxa7 Ra1 38. Rxg4 Kf8 39. Rc4 Ra2+
40. Ke3 Bc2 41. Nb5 Bxa4 42. Nc3 Rxg2 43. Nxa4 Rxg3+ 44. Kf4 Rg1 45. Nc5 Rf1+
46. Ke5 Re1+ 47. Ne4 f5 48. Kxf5 1/2-1/2

[Event "CHN League Women 2019"]
[Site "Daqing CHN"]
[Date "2019.06.24"]
[Round "6.3"]
[Board "2"]
[White "Ren, Xiaoyi"]
[Black "Zhou, Zirun"]
[Result "0-1"]
[WhiteElo "2255"]
[BlackElo "2141"]
[WhiteTeam "Chengdu"]
[BlackTeam "Hangzhou"]
[WhiteFideId "8608709"]
[BlackFideId "8610975"]
[EventDate "2019.06.19"]
[EventType "team"]

1. d4 Nf6 2. c4 e6 3. Nf3 d5 4. Bg5 Be7 5. e3 Nbd7 6. Nc3 O-O 7. Rc1 c6 8. cxd5
exd5 9. Bd3 Ne4 10. Bf4 f5 11. O-O a5 12. Ne5 Nxe5 13. Bxe5 Bd6 14. f4 Bxe5 15.
fxe5 Qg5 16. Rf4 Be6 17. Qb3 Qe7 18. Bxe4 dxe4 19. Qc2 b5 20. Rf2 a4 21. Ne2
Bxa2 22. Qxc6 Bc4 23. Rxc4 bxc4 24. Qxc4+ Kh8 25. e6 Rfc8 26. Qd5 Ra6 27. Nf4 g5
28. Qe5+ Kg8 29. Qb5 Rc1+ 30. Rf1 Rac6 31. Ne2 Rxf1+ 32. Kxf1 Rxe6 33. Qxa4 Rf6
34. Qb5 Qd6 35. g3 Qb6 36. Qc4+ Kg7 37. b4 Qc6 38. Qc5 Qa4 39. b5 Kg6 40. h4
gxh4 41. gxh4 Qd1+ 42. Kf2 Qh1 43. Nf4+ Kh6 44. Ng2 Qd1 45. Qe7 Qf3+ 46. Ke1
Qg3+ 47. Kf1 Rg6 48. Qf8+ Rg7 49. Nf4 Qf3+ 50. Ke1 Qxe3+ 51. Ne2 Qf3 52. b6 e3
53. Qd6+ Rg6 0-1

[Event "CHN League Women 2019"]
[Site "Daqing CHN"]
[Date "2019.06.24"]
[Round "6.3"]
[Board "3"]
[White "Zhao, Shengxin"]
[Black "Chen, Hongbei"]
[Result "1-0"]
[WhiteTitle "WFM"]
[WhiteElo "2135"]
[BlackElo "1540"]
[WhiteTeam "Hangzhou"]
[BlackTeam "Chengdu"]
[WhiteFideId "8608040"]
[BlackFideId "8612722"]
[EventDate "2019.06.19"]
[EventType "team"]

1. d4 Nf6 2. c4 c5 3. d5 d6 4. Nc3 e5 5. e4 Be7 6. g3 Bd7 7. Bg2 Na6 8. Nge2 Nc7
9. a4 O-O 10. O-O Nh5 11. h3 g6 12. g4 Ng7 13. f4 exf4 14. Bxf4 Nce8 15. Ng3 Bf6
16. Qe2 Qe7 17. Rf3 a6 18. a5 Rb8 19. Nd1 b5 20. axb6 Rxb6 21. Ra5 Nc7 22. e5
Bxe5 23. Bxe5 dxe5 24. Ne4 Nge8 25. Nxc5 Bc8 26. Re3 f6 27. Nd3 Rb8 28. g5 Nd6
29. c5 Nc4 30. d6 Nxd6 31. cxd6 Qxd6 32. gxf6 Rxf6 33. Raxe5 Be6 34. Nc3 Bc4 35.
Ne4 Qxe5 36. Nxe5 Bxe2 37. Nxf6+ Kg7 38. Rxe2 1-0

[Event "CHN League Women 2019"]
[Site "Daqing CHN"]
[Date "2019.06.24"]
[Round "6.4"]
[Board "1"]
[White "Ning, Kaiyu"]
[Black "Qiu, Mengjie"]
[Result "1-0"]
[WhiteTitle "WFM"]
[BlackTitle "WIM"]
[WhiteElo "2306"]
[BlackElo "2199"]
[WhiteTeam "Shandong"]
[BlackTeam "Zhejiang"]
[WhiteFideId "8614750"]
[BlackFideId "8606137"]
[EventDate "2019.06.19"]
[EventType "team"]

1. d4 Nf6 2. c4 e6 3. g3 d5 4. Bg2 dxc4 5. Nf3 Nc6 6. O-O Rb8 7. Nc3 b5 8. Ne5
Nxe5 9. dxe5 Nd7 10. Qc2 Bb7 11. Bxb7 Rxb7 12. Rd1 Qc8 13. Qe4 c6 14. a4 b4 15.
Nb1 Qc7 16. Bf4 Be7 17. Nd2 g5 18. Be3 c3 19. bxc3 bxc3 20. Nc4 Rb4 21. Qd3 Nxe5
22. Nxe5 Qxe5 23. Qd7+ Kf8 24. Bd4 Rxd4 25. Qxd4 Qxd4 26. Rxd4 a5 27. Rc4 Kg7
28. Rd1 Bf6 29. Rd6 Rb8 30. Rdxc6 Rb2 31. e3 Ra2 32. Kg2 Be7 33. Rxc3 Rxa4 34.
Ra6 Ra2 35. Rc7 Bd8 36. Rd7 Bf6 37. Raa7 Kg6 38. Rxf7 h5 39. Rfc7 h4 40. gxh4
gxh4 41. Rc6 h3+ 42. Kg3 Kh5 43. Rxe6 Bh4+ 44. Kxh3 Bxf2 45. Rd7 Bxe3 46. Rxe3 1-0

[Event "CHN League Women 2019"]
[Site "Daqing CHN"]
[Date "2019.06.24"]
[Round "6.4"]
[Board "2"]
[White "Bai, Xue"]
[Black "Yan, Tianqi"]
[Result "1/2-1/2"]
[WhiteElo "2093"]
[BlackElo "2036"]
[WhiteTeam "Zhejiang"]
[BlackTeam "Shandong"]
[WhiteFideId "8608717"]
[BlackFideId "8615250"]
[EventDate "2019.06.19"]
[EventType "team"]

1. e4 c5 2. Nf3 a6 3. g3 e6 4. d4 cxd4 5. Nxd4 Nf6 6. Bg2 Qc7 7. Nc3 Nc6 8. O-O
Nxd4 9. Qxd4 Bc5 10. Qd3 O-O 11. Bf4 d6 12. Rad1 e5 13. Bg5 Be6 14. Bxf6 gxf6
15. Nd5 Bxd5 16. exd5 Qd7 17. Kh1 Qg4 18. f4 Rae8 19. fxe5 fxe5 20. Be4 Kg7 21.
Rf5 Rh8 22. Rdf1 Re7 23. Kg2 Kf8 24. Bf3 e4 25. Bxg4 exd3 26. cxd3 Bd4 27. R5f4
Be5 28. Rb4 Kg7 29. Rc1 Bf6 30. Rc2 Rb8 31. Rb6 Be5 32. Rc4 Rd8 33. Rcb4 a5 34.
Rc4 Bf6 35. Kh3 Kg8 36. b3 Bg5 37. Rc8 Rxc8 38. Bxc8 Rc7 39. Bf5 Be7 40. Rb5 Rc5
41. Rxb7 Rxd5 42. Bxh7+ Kxh7 43. Rxe7 Kg6 44. Re3 Rc5 45. Re2 Rc3 46. Rd2 Kf5
47. Kg2 Ke5 48. h4 Kd4 49. Rf2 d5 50. Rxf7 Rc2+ 51. Rf2 Kxd3 52. Rxc2 Kxc2 53.
h5 d4 54. h6 d3 55. h7 d2 56. h8=Q d1=Q 57. Qe5 Qd7 58. Kf3 Qd3+ 59. Qe3 Qf5+
60. Kg2 Kb1 61. Qe2 Qd5+ 62. Kh2 Qd6 63. a4 Qh6+ 64. Kg2 Qc6+ 65. Qf3 Qc2+ 66.
Kf1 Qc1+ 67. Ke2 Qb2+ 68. Ke1 Qe5+ 69. Kf2 Qc5+ 70. Qe3 Qc2+ 71. Qe2 Qc5+ 72.
Kf1 Qf5+ 73. Ke1 Qc5 74. Qd3+ Kb2 75. Kf1 Qc1+ 76. Kg2 Qg5 77. Qc4 Qd2+ 78. Kf3
Qg5 79. g4 Qf6+ 80. Kg2 Qg5 81. Kf3 Qf6+ 82. Ke3 Qe5+ 83. Kf2 Qf6+ 84. Kg2 Qg5
85. Kf3 Qf6+ 1/2-1/2

[Event "CHN League Women 2019"]
[Site "Daqing CHN"]
[Date "2019.06.24"]
[Round "6.4"]
[Board "3"]
[White "Wang, Xiyue"]
[Black "Huang, Mofei"]
[Result "1-0"]
[WhiteElo "1502"]
[BlackElo "1993"]
[WhiteTeam "Shandong"]
[BlackTeam "Zhejiang"]
[WhiteFideId "8627711"]
[BlackFideId "8609535"]
[EventDate "2019.06.19"]
[EventType "team"]

1. e4 c6 2. d4 d5 3. Nc3 dxe4 4. Nxe4 Bf5 5. Ng3 Bg6 6. h4 h6 7. Nf3 Nd7 8. h5
Bh7 9. Bd3 Bxd3 10. Qxd3 e6 11. Bf4 Qa5+ 12. Bd2 Qc7 13. O-O-O Ngf6 14. Kb1 Bd6
15. Ne4 Nxe4 16. Qxe4 Nf6 17. Qe2 O-O-O 18. c4 Nd7 19. Rhe1 Rhe8 20. Ne5 Nxe5
21. dxe5 Bc5 22. Bc3 Qb6 23. f3 Rxd1+ 24. Rxd1 Rd8 25. Rxd8+ Kxd8 26. Qd2+ Kc8
27. Ba5 Be3 28. Bxb6 Bxd2 29. Bxa7 Kc7 30. Bd4 b6 31. Kc2 Be1 32. Kd3 c5 33. Bc3
Bg3 34. Ke4 Kc6 35. a4 Bh4 36. f4 Be7 37. f5 Bg5 38. b4 Kd7 39. b5 Bc1 40. a5
bxa5 41. Bxa5 Bb2 42. Bd2 Bd4 43. f6 gxf6 44. exf6 Bxf6 45. Bxh6 Bd4 46. Be3 f5+
47. Kd3 e5 48. Bxd4 cxd4 49. h6 1-0

[Event "CHN League Women 2019"]
[Site "Daqing CHN"]
[Date "2019.06.24"]
[Round "6.5"]
[Board "1"]
[White "Xiao, Yiyi"]
[Black "Song, Yuxin"]
[Result "1/2-1/2"]
[WhiteTitle "WFM"]
[BlackTitle "WIM"]
[WhiteElo "2356"]
[BlackElo "2308"]
[WhiteTeam "Tianjin"]
[BlackTeam "Beijing"]
[WhiteFideId "8606161"]
[BlackFideId "8614300"]
[EventDate "2019.06.19"]
[EventType "team"]

1. d4 Nf6 2. c4 e6 3. Nf3 b6 4. Nc3 Bb7 5. Bg5 Bb4 6. e3 h6 7. Bh4 g5 8. Bg3 Ne4
9. Qc2 Bxc3+ 10. bxc3 d6 11. Bd3 Nxg3 12. hxg3 Nd7 13. Be4 Bxe4 14. Qxe4 Nf6 15.
Qc6+ Ke7 16. Nd2 Qd7 17. Qf3 e5 18. e4 Qg4 19. a4 Qxf3 20. gxf3 c5 21. d5 h5 22.
a5 Rhb8 23. Ke2 a6 24. f4 gxf4 25. gxf4 exf4 26. Kf3 bxa5 27. Ra2 a4 28. Kxf4 a3
29. Rb1 Rxb1 30. Nxb1 Rb8 31. Nxa3 Rb3 32. Nc2 Ng4 33. Ne3 Nxe3 34. fxe3 Rxc3
35. Rxa6 h4 36. Ra7+ Kf6 37. Ra6 Ke7 38. Ra7+ Ke8 39. Ra8+ Ke7 40. Ra7+ 1/2-1/2

[Event "CHN League Women 2019"]
[Site "Daqing CHN"]
[Date "2019.06.24"]
[Round "6.5"]
[Board "2"]
[White "Wang, Yu A."]
[Black "Ning, Chunhong"]
[Result "1/2-1/2"]
[WhiteTitle "IM"]
[BlackTitle "WGM"]
[WhiteElo "2280"]
[BlackElo "2280"]
[WhiteTeam "Beijing"]
[BlackTeam "Tianjin"]
[WhiteFideId "8601097"]
[BlackFideId "8600376"]
[EventDate "2019.06.19"]
[EventType "team"]

1. e4 d5 2. exd5 Qxd5 3. Nc3 Qd6 4. d4 Nf6 5. Nf3 c6 6. g3 g6 7. Bg2 Bg7 8. O-O
O-O 9. Bf4 Qd8 10. Qe2 Nbd7 11. Rad1 Nb6 12. Rfe1 Re8 13. Ne5 Be6 14. b3 a5 15.
a4 Nbd5 16. Nxd5 Nxd5 17. Bd2 Qb6 18. c4 Nf6 19. Be3 Qc7 20. Bf4 Qc8 21. d5 cxd5
22. cxd5 Bh3 23. Bf3 Qf5 24. Qd3 Rac8 25. Nc4 Nd7 26. Qxf5 Bxf5 27. Rc1 b6 28.
Re3 Bd4 29. Ree1 h5 30. Bg5 Bc5 31. Kg2 Kg7 32. h3 Nf6 33. Bf4 Bd3 34. Be5 Red8
35. g4 hxg4 36. hxg4 g5 37. Red1 Bg6 38. d6 Bxd6 39. Nxd6 Rxc1 40. Rxc1 exd6 41.
Bd4 Re8 42. Rc6 Re6 43. Rxb6 d5 44. Rb5 Be4 45. Rxa5 Kg6 46. Bxe4+ Rxe4 47. Bxf6
Rxg4+ 48. Kf3 Rf4+ 49. Ke3 Kxf6 50. Rxd5 Rh4 51. f3 Rh1 52. a5 Ra1 53. b4 Kg6
54. Ke4 f5+ 55. Ke5 f4 56. Rd6+ Kh5 57. a6 Kh4 58. b5 Ra5 59. Rd5 Kg3 60. Ke4 g4
61. fxg4 f3 62. g5 f2 63. Rd1 Rxb5 64. g6 Rb8 65. g7 Kg2 66. a7 Re8+ 67. Kf5
f1=Q+ 68. Rxf1 Kxf1 1/2-1/2

[Event "CHN League Women 2019"]
[Site "Daqing CHN"]
[Date "2019.06.24"]
[Round "6.5"]
[Board "3"]
[White "Chu, Ruotong"]
[Black "Liu, Xianglin"]
[Result "1-0"]
[WhiteTitle "WIM"]
[WhiteElo "2204"]
[BlackElo "2188"]
[WhiteTeam "Tianjin"]
[BlackTeam "Beijing"]
[WhiteFideId "8605653"]
[BlackFideId "8602409"]
[EventDate "2019.06.19"]
[EventType "team"]

1. d4 d5 2. c4 c6 3. Nf3 Nf6 4. e3 Bf5 5. Nc3 e6 6. Nh4 Bg4 7. f3 Bh5 8. g3 Nbd7
9. Bd3 dxc4 10. Bxc4 b5 11. Be2 b4 12. Na4 c5 13. dxc5 Bxc5 14. Nxc5 Nxc5 15.
Bb5+ Ke7 16. Qxd8+ Rhxd8 17. g4 Bg6 18. e4 Rab8 19. Be2 Nd3+ 20. Bxd3 Rxd3 21.
Ke2 Rd7 22. Be3 b3 23. a4 Rc8 24. Rhc1 Rdc7 25. Rxc7+ Rxc7 26. Rc1 Rb7 27. a5
Ne8 28. a6 Rd7 29. Rc3 Nc7 30. Rxb3 Nxa6 31. Ra3 Nb8 32. Bxa7 Rb7 33. Bd4 f6 34.
Nxg6+ hxg6 35. Bc5+ Kd7 36. Rd3+ Kc6 37. Bd4 e5 38. Bc3 Na6 39. Rd8 Nc5 40. g5
Ne6 41. Rc8+ Kb5 42. gxf6 gxf6 43. Re8 Nf4+ 44. Kd1 Rh7 45. Rf8 Rxh2 46. Rxf6
Nd3 47. Rxg6 Rf2 48. Rf6 Kc4 49. Rf5 Nxb2+ 50. Bxb2 Rxb2 51. Rxe5 Kd3 52. Rd5+
Ke3 53. Rf5 Kd3 54. Ke1 Ke3 55. Kf1 Kd4 56. e5 Kd5 57. f4 Ke4 58. Rf6 Kf3 59.
Ke1 Ke3 60. Kd1 Kd3 61. Kc1 Rc2+ 62. Kb1 Re2 63. e6 Kc3 64. f5 Re1+ 65. Ka2 Re2+
66. Ka3 Re1 67. Ka4 Kc4 68. Ka5 Kc5 69. Ka6 Kc6 70. Ka7 Kc7 71. Rf7+ Kd8 72. Kb6
Rc1 73. Rd7+ Ke8 74. f6 Rb1+ 75. Kc5 Rc1+ 76. Kb4 Rb1+ 77. Kc3 Rf1 78. f7+ 1-0

[Event "CHN League Women 2019"]
[Site "Daqing CHN"]
[Date "2019.06.24"]
[Round "6.6"]
[Board "1"]
[White "Zhou, Jingyi"]
[Black "Zhou, Guijue"]
[Result "0-1"]
[BlackTitle "WIM"]
[WhiteElo "1630"]
[BlackElo "2171"]
[WhiteTeam "Chongqing"]
[BlackTeam "Hunan"]
[WhiteFideId "8615322"]
[BlackFideId "8602905"]
[EventDate "2019.06.19"]
[EventType "team"]

1. e4 d5 2. exd5 Qxd5 3. Nc3 Qd6 4. Nf3 Nf6 5. Be2 a6 6. d4 Bf5 7. Ne5 c5 8. Nf3
Nc6 9. dxc5 Qxc5 10. Be3 Qa5 11. O-O e6 12. Nh4 Bg6 13. Nxg6 hxg6 14. Bf3 Rc8
15. Qe2 Bd6 16. g3 Qf5 17. Bg2 O-O 18. Rad1 Be5 19. Na4 Nb4 20. c3 Nbd5 21. Nc5
Bxc3 22. Bxd5 Nxd5 23. g4 Qe5 24. Nd7 Qe4 25. Rxd5 exd5 26. Nxf8 Bb4 27. f3 Qe7
28. Nxg6 fxg6 29. Qd3 Qxe3+ 30. Qxe3 Bc5 31. Qxc5 Rxc5 32. Rf2 g5 33. Kg2 Kf7
34. Kg3 Kf6 35. Rd2 a5 36. h4 gxh4+ 37. Kxh4 Ke5 38. Kg5 Rc7 39. Re2+ Kd6 40. f4
d4 41. f5 Kd5 42. f6 gxf6+ 43. Kxf6 d3 44. Rd2 Ke4 45. g5 Ke3 46. Rh2 d2 47.
Rh3+ Ke4 48. Rh8 Kd3 49. Rd8+ Kc2 50. g6 d1=Q 51. Rxd1 Kxd1 52. g7 Rxg7 53. Kxg7
Kc2 0-1

[Event "CHN League Women 2019"]
[Site "Daqing CHN"]
[Date "2019.06.24"]
[Round "6.6"]
[Board "2"]
[White "Hong, Xing"]
[Black "Huang, Qianyi"]
[Result "1-0"]
[WhiteElo "1986"]
[BlackElo "1298"]
[WhiteTeam "Hunan"]
[BlackTeam "Chongqing"]
[WhiteFideId "8606129"]
[BlackFideId "8625999"]
[EventDate "2019.06.19"]
[EventType "team"]

1. c4 e6 2. b3 Nf6 3. Bb2 d5 4. Nf3 Be7 5. g3 O-O 6. Bg2 b6 7. O-O Bb7 8. e3 c5
9. cxd5 Nxd5 10. d4 Nd7 11. Nbd2 Rc8 12. Qe2 cxd4 13. Nxd4 Nc5 14. Rfd1 Ba6 15.
Nc4 b5 16. Nxb5 Bxb5 17. e4 Bxc4 18. bxc4 Na4 19. cxd5 Nxb2 20. Qxb2 Rb8 21. Qe2
exd5 22. Rxd5 Qc7 23. Rad1 Ba3 24. Qd3 Bb2 25. h4 h6 26. Rd7 Qa5 27. Qd5 Rb5 28.
Qc4 Rc5 29. R1d5 Rxc4 30. Rxa5 Bd4 31. Bf1 Rc5 32. Raxa7 Bf6 33. Rdc7 Rxc7 34.
Rxc7 Be5 35. Rb7 f6 36. Bc4+ Kh7 37. a4 Rc8 38. Bb3 Bd4 39. Rb4 Be5 40. a5 Bc3
41. Ra4 Rb8 42. a6 Ra8 43. Bd5 Ra7 44. Bb7 Be5 45. f4 Bc7 46. Kg2 Kg8 47. Rd4
Kh7 48. Kf3 Bb6 49. Rd7 Bc5 50. Kg4 Bf2 51. e5 fxe5 52. fxe5 Kg6 53. Be4# 1-0